00561nam a22001697a 450000500170000001000150001702000270003203500140005903700130007308200130008610000320009924501180013126000420024927000540029130000210034570000250036620220606170243.0 aENG-133042 a9789381274255c1195.00 aEN-116574 bDBAD/PUB a307.1412 aChattopadhyay, Pranab Kumar aChallenges of Livelihood and Inclusive Rural Development in the Era of Globalization/cPranab Kumar Chattopadhyay aNew DelhibNew Delhi Publishersc2013 a90, Sainik Vihar, Mohan GardenbNew Delhie110059 a464p.c22cm(hbk) aSudipta Bhattacharya